00370nam a22001457a 4500003001200000005001700012008004100029020001500070040001200085082001200097100002100109245006500130260001100195650001800206NUST - PNEC20170116181146.0151012b xxu||||| |||| 00| 0 eng d a1903996414 cLIBRARY a671 BOI aBoisse, Philippe aFriction & flow stress in forming & cuttingcPhilippe Boisse cc.2007 aFriction xEE